000 00274nam a2200109Ia 4500
008 220204s9999 xx 000 0 und d
082 _a338.45(058)
_bBOT
100 _aBottin
245 0 _aInternational business register
260 _bSociete didto bottin
_c1965
942 _cBK
999 _c20670
_d20670